000 01119cam a22003134a 4500
001 12105687
003 OSt
005 20180117090003.0
008 000713s2001 caua b 000 0 eng
010 _a 00106655
020 _a1560525851 (pbk.)
040 _aDLC
_cDLC
_dDLC
042 _apcc
050 0 0 _aHD69.T54
_bH388 2001
082 0 0 _a640/.43
_221
100 1 _aHaynes, Marion E.
245 1 0 _aPersonal time management /
_cMarion E. Haynes.
250 _a3rd ed.
260 _aMenlo Park, Calif. :
_bCrisp Learning,
_cc2001.
300 _avi, 110 p. :
_bill. ;
_c26 cm.
490 1 _aA fifty-minute series book
504 _aIncludes bibliographical references (p. 110).
650 0 _aTime management.
830 0 _aFifty-Minute series
906 _a7
_bcbc
_corignew
_d3
_eepcn
_f20
_gy-gencatlg
942 _2ddc
_cBK
999 _c3327
_d3327